Mega-Sorting Gallery: Literature Quiz Stats

 Plays Quiz Updated Dec 13, 2018

Score 0/100 Timer 10:00
11 Plays Today
% Correct
Sherlock Holmes
96.3%
To Kill a Mockingbird
94.6%
Romeo and Juliet
88.9%
The Old Man and the Sea
88.1%
The Very Hungry Caterpillar
87.9%
The Tale of Peter Rabbit
87.6%
Frodo Baggins
87.4%
Aramis
87.4%
A Farewell to Arms
87.3%
Agatha Christie
86.9%
For Whom the Bell Tolls
86.7%
Antony and Cleopatra
86.7%
King Lear
86.7%
Macbeth
86.6%
Othello
86.4%
Gandalf the Grey
86.1%
Athos
86.1%
Hamlet
86.1%
Charlotte's Web
86.1%
Julius Caesar
85.5%
Porthos
85.4%
Charlotte Brontë
85.1%
Ron
84.9%
Ginny
84.9%
Fred
84.7%
Sonnet
84%
The Little Prince
83.7%
Haiku
83.7%
A Dance with Dragons
83.6%
Jane Austen
83.3%
George
82.8%
A Clash of Kings
82.5%
Lucy
82.5%
Bill
82.5%
% Correct
Aragorn
82.4%
Past
82.1%
Where the Wild Things Are
82%
Geoffrey Chaucer
82%
Present
81.8%
A Game of Thrones
81.7%
A Feast for Crows
81.5%
The Shining
81.4%
Legolas
81.4%
Samwise Gamgee
81.3%
Molly
81.1%
Percy
80.8%
Charlie
80.7%
Katniss Everdeen
80.4%
The Giving Tree
80.4%
Boromir
80.3%
Dr. Seuss
80%
Peter
80%
Arthur
79.9%
Limerick
79.6%
John Steinbeck
79.4%
The Sun Also Rises
79.2%
Gabriel García Márquez
79%
Gimli
78.9%
Titus Andronicus
78.9%
Goodnight Moon
78.3%
Epic
78.2%
George Orwell
77.9%
A Dream of Spring
76.8%
Go Set a Watchman
76.8%
Susan
76.7%
Pet Sematary
76.6%
Allegory
75.9%
A Storm of Swords
75.6%
% Correct
Yet to Come
75.6%
Edmund
75.3%
Carrie
75.3%
Peeta Mellark
75%
It
74.4%
Peregrin Took
73.5%
The Green Mile
73.5%
Elegy
73.1%
H. G. Wells
72.5%
Timon of Athens
72.4%
Pablo Neruda
72.2%
Albert Camus
71.9%
Hermann Hesse
71.7%
Meriadoc Brandybuck
71.7%
Boris Pasternak
71.1%
Roald Dahl
71%
Toni Morrison
70.7%
Cujo
68.6%
Pearl S. Buck
67.9%
The Snowy Day
66.7%
Epithet
66.6%
Coriolanus
66.2%
Abnegation
63.9%
Dauntless
62.6%
Amity
62.5%
Candor
62.4%
The Winds of Winter
62.3%
Erudite
61%
A Moveable Feast
54.5%
Metonymy
53.4%
Anaphora
41.6%
Villanelle
26.1%

You're not logged in!

Compare scores with friends on all Sporcle quizzes.
OR
Log In

Sporcle TV

Today on Sporcle TV


Watch our educational content, quiz creation guides, and fun videos on Sporcle TV.

Show Comments

Extras

Top Quizzes Today


Score Distribution

Your Account Isn't Verified!

In order to create a playlist on Sporcle, you need to verify the email address you used during registration. Go to your Sporcle Settings to finish the process.

Report this User

Report this user for behavior that violates our Community Guidelines.

Details: